Catálogo
 En Linea

Formación integral humana y religiosa 3 : (Registro nro. 46724)

Detalles MARC
000 -CABECERA
campo de control de longitud fija 00651nam a2200193 a 4500
001 - NÚMERO DE CONTROL
campo de control 000047236
005 - FECHA Y HORA DE LA ÚLTIMA TRANSACCIÓN
campo de control 20201002053454.0
008 - DATOS DE LONGITUD FIJA--INFORMACIÓN GENERAL
campo de control de longitud fija 180425s2017 dr 000 0 spa d
020 ## - NÚMERO INTERNACIONAL ESTÁNDAR DEL LIBRO
Número Internacional Estándar del Libro 9789945194692
040 ## - FUENTE DE LA CATALOGACIÓN
Centro catalogador/agencia de origen DO-SdBNP
Lengua de catalogación spa
Centro/agencia transcriptor BNPHU
082 ## - NÚMERO DE LA CLASIFICACIÓN DECIMAL DEWEY
Número de clasificación xxxx
Número de documento/Ítem O34f 3ro., 2017
100 1# - ENTRADA PRINCIPAL--NOMBRE DE PERSONA
Nombre de persona Ogando, Dorca
Numeración D694f
9 (RLIN) 74953
245 10 - MENCIÓN DE TÍTULO
Título Formación integral humana y religiosa 3 :
Resto del título primer ciclo, secundaria /
Mención de responsabilidad, etc. texto, Dorca Ogando; ilustración Ruddy Núñez .. [et al.].
260 ## - PUBLICACIÓN, DISTRIBUCIÓN, ETC.
Lugar de publicación, distribución, etc. Santo Domingo,
Fecha de publicación, distribución, etc. 2017.
300 ## - DESCRIPCIÓN FÍSICA
Extensión 79p. :
Otras características físicas il. ;
Dimensiones 28cm.
500 ## - NOTA GENERAL
Nota general Proyecto Saber hacer
590 ## - NOTA LOCAL (RLIN)
Nota local Inventariado, 2018/MFF
700 1# - PUNTO DE ACCESO ADICIONAL--NOMBRE DE PERSONA
Nombre de persona Núñez, Ruddy
Término indicativo de función/relación il.
9 (RLIN) 23171
Existencias
Estado de retiro Estado de pérdida No para préstamo Código de colección Localización permanente Ubicación/localización actual Ubicación en estantería Fecha de adquisición Número de inventario Total de préstamos Signatura topográfica completa Código de barras Fecha visto por última vez Precio válido a partir de Tipo de ítem Koha Nota pública
      Patrimonio Dominicano General General Orden iniciada 25.04.2018 LF1   xxxx O34f 3ro., 2017 47236-30 25.06.2020 25.06.2020 Libro y Folleto Colección Patrimonio Dominicano Inventariado, 2018/MFF
      Patrimonio Dominicano Patrimonio Dominicano Patrimonio Dominicano Orden iniciada 25.04.2018 LF1   xxxx O34f 3ro., 2017 47236-10 25.06.2020 25.06.2020 Libro y Folleto Colección Patrimonio Dominicano Inventariado, 2018/MFF
      Patrimonio Dominicano Patrimonio Dominicano Patrimonio Dominicano Orden iniciada 25.04.2018 LF1   xxxx O34f 3ro., 2017 47236-20 25.06.2020 25.06.2020 Libro y Folleto Colección Patrimonio Dominicano Inventariado, 2018/MFF

Con tecnología Koha